একাত্তরের গণহত্যা : (Record no. 203795)
[ view plain ]
| 000 -LEADER | |
|---|---|
| fixed length control field | 00886nam a22002057a 4500 |
| 003 - CONTROL NUMBER IDENTIFIER | |
| control field | BD-DhUL |
| 005 - DATE AND TIME OF LATEST TRANSACTION | |
| control field | 20170601125643.0 |
| 008 - FIXED-LENGTH DATA ELEMENTS--GENERAL INFORMATION | |
| fixed length control field | 170601s2001 bg |||| |||| 000 0 ben |
| 020 ## - INTERNATIONAL STANDARD BOOK NUMBER | |
| International Standard Book Number | 9844830745 |
| 040 ## - CATALOGING SOURCE | |
| Original cataloging agency | BD-DhUL |
| Transcribing agency | BD-DhUL |
| 082 ## - DEWEY DECIMAL CLASSIFICATION NUMBER | |
| Classification number | 954.92 |
| Item number | HAE |
| 110 2# - MAIN ENTRY--CORPORATE NAME | |
| Corporate name or jurisdiction name as entry element | হামুদুর রহমান কমিশন । |
| 245 10 - TITLE STATEMENT | |
| Title | একাত্তরের গণহত্যা : |
| Remainder of title | হামুদুর রহমান কমিশন রিপোর্ট / |
| Statement of responsibility, etc. | হামুদুর রহমান কমিশন ; অনুবাদক, বশীর আল্হেলাল । |
| 300 ## - PHYSICAL DESCRIPTION | |
| Extent | ৭২ পৃ. ; |
| Dimensions | ২২ সেমি । |
| 365 ## - TRADE PRICE | |
| Price type code | BDT |
| Price amount | 125 |
| 651 #0 - SUBJECT ADDED ENTRY--GEOGRAPHIC NAME | |
| Geographic name | বাংলাদেশ |
| General subdivision | ইতিহাস |
| 651 #0 - SUBJECT ADDED ENTRY--GEOGRAPHIC NAME | |
| Geographic name | Bangladesh |
| General subdivision | History |
| 700 10 - ADDED ENTRY--PERSONAL NAME | |
| Personal name | আল্হেলাল, বশীর । |
| Relator term | অনুবাদক |
| 942 ## - ADDED ENTRY ELEMENTS (KOHA) | |
| Source of classification or shelving scheme | |
| Koha item type | Books |
| Price effective from | Date last seen | Permanent Location | Not for loan | Date acquired | Source of classification or shelving scheme | Koha item type | Lost status | Withdrawn status | Copy number | Source of acquisition | Collection code | Damaged status | Shelving location | Barcode | Current Location | Full call number |
|---|---|---|---|---|---|---|---|---|---|---|---|---|---|---|---|---|
| 2017-06-01 | 2017-06-01 | Dhaka University Library | 2017-05-22 | Books | 3 | Purchased | Non Fiction | General Stacks | 500755 | Dhaka University Library | 954.92 HAE | |||||
| 2017-06-01 | 2017-06-01 | Dhaka University Library | 2017-05-22 | Books | 4 | Purchased | Non Fiction | General Stacks | 500756 | Dhaka University Library | 954.92 HAE | |||||
| 2017-06-01 | 2017-06-01 | Dhaka University Library | 2017-05-22 | Books | 5 | Purchased | Non Fiction | General Stacks | 500757 | Dhaka University Library | 954.92 HAE | |||||
| 2017-06-01 | 2017-06-01 | Dhaka University Library | 2017-05-22 | Books | 6 | Purchased | Non Fiction | General Stacks | 500758 | Dhaka University Library | 954.92 HAE | |||||
| 2017-06-01 | 2017-06-01 | Dhaka University Library | 2017-05-22 | Books | 7 | Purchased | Non Fiction | General Stacks | 500759 | Dhaka University Library | 954.92 HAE |
